Programming in JAVA (Record no. 12100)

MARC details
000 -LEADER
fixed length control field 00410nam a22001817a 4500
003 - CONTROL NUMBER IDENTIFIER
control field OSt
008 - FIXED-LENGTH DATA ELEMENTS--GENERAL INFORMATION
fixed length control field 231016b |||||||| |||| 00| 0 eng d
020 ## - INTERNATIONAL STANDARD BOOK NUMBER
International Standard Book Number 9780199484140
082 ## - DEWEY DECIMAL CLASSIFICATION NUMBER
Classification number 005.133 MAP
100 ## - MAIN ENTRY--PERSONAL NAME
Personal name MALHOTRA,Sachin
245 ## - TITLE STATEMENT
Title Programming in JAVA
250 ## - EDITION STATEMENT
Edition statement 2nd Ed
260 ## - PUBLICATION, DISTRIBUTION, ETC. (IMPRINT)
Place of publication, distribution, etc New Delhi
Name of publisher, distributor, etc Oxford
Date of publication, distribution, etc 2019
300 ## - PHYSICAL DESCRIPTION
Extent 678
650 ## - SUBJECT ADDED ENTRY--TOPICAL TERM
Topical term or geographic name as entry element IT
700 ## - ADDED ENTRY--PERSONAL NAME
Personal name CHOUDHARY,Saruabh
942 ## - ADDED ENTRY ELEMENTS (KOHA)
Source of classification or shelving scheme Dewey Decimal Classification
Koha item type Text Books
Holdings
Withdrawn status Lost status Source of classification or shelving scheme Damaged status Not for loan Collection code Home library Current library Date acquired Source of acquisition Currency Cost, normal purchase price Bill Number Total Checkouts Full call number Acc. no. / Barcode Date last seen Actual Cost, discounted price Bill Date Koha item type Date last borrowed
    Dewey Decimal Classification     B.Tech(IT) PIET C-LIBRARY PIET C-LIBRARY 30/09/2023 Kirti Prakashan In rupees 950.00 IN1020   005.133 MAP 35063 16/10/2023 655.50 30/09/2023 Reference Books  
    Dewey Decimal Classification     B.Tech(IT) PIET C-LIBRARY PIET C-LIBRARY 30/09/2023 Kirti Prakashan In rupees 950.00 IN1020 2 005.133 MAP 35064 12/02/2026 655.50 30/09/2023 Text Books 29/01/2026
    Dewey Decimal Classification     B.Tech(IT) PIET C-LIBRARY PIET C-LIBRARY 30/09/2023 Kirti Prakashan In rupees 950.00 IN1020 1 005.133 MAP 35065 04/10/2024 655.50 30/09/2023 Text Books 01/10/2024
    Dewey Decimal Classification     B.Tech(IT) PIET C-LIBRARY PIET C-LIBRARY 30/09/2023 Kirti Prakashan In rupees 950.00 IN1020 1 005.133 MAP 35066 03/10/2024 655.50 30/09/2023 Text Books 17/09/2024
    Dewey Decimal Classification     B.Tech(IT) PIET C-LIBRARY PIET C-LIBRARY 30/09/2023 Kirti Prakashan In rupees 950.00 IN1020 2 005.133 MAP 35067 12/09/2024 655.50 30/09/2023 Text Books 02/09/2024
    Dewey Decimal Classification     B.Tech(IT) PIET C-LIBRARY PIET C-LIBRARY 30/09/2023 Kirti Prakashan In rupees 950.00 IN1020 1 005.133 MAP 35068 16/12/2025 655.50 30/09/2023 Text Books 05/12/2025
    Dewey Decimal Classification     B.Tech(IT) PIET C-LIBRARY PIET C-LIBRARY 30/09/2023 Kirti Prakashan In rupees 950.00 IN1020 3 005.133 MAP 35069 19/11/2024 655.50 30/09/2023 Text Books 09/11/2024
    Dewey Decimal Classification     B.Tech(IT) PIET C-LIBRARY PIET C-LIBRARY 30/09/2023 Kirti Prakashan In rupees 950.00 IN1020 1 005.133 MAP 35070 04/10/2024 655.50 30/09/2023 Text Books 01/10/2024
    Dewey Decimal Classification     B.Tech(IT) PIET C-LIBRARY PIET C-LIBRARY 30/09/2023 Kirti Prakashan In rupees 950.00 IN1020 3 005.133 MAP 35071 16/09/2024 655.50 30/09/2023 Text Books 02/09/2024
    Dewey Decimal Classification     B.Tech(IT) PIET C-LIBRARY PIET C-LIBRARY 30/09/2023 Kirti Prakashan In rupees 950.00 IN1020 2 005.133 MAP 35072 21/10/2024 655.50 30/09/2023 Text Books 03/10/2024

Design & Developed by: PIET Central Library
R70 Miles Stone Pattikalyana Samalkha Panipat 132102
mail ID :- [email protected], Phone No:- 0180-2569700 Ex.216